| 000 | 00860nam a2200229 i 4500 | ||
|---|---|---|---|
| 001 | 162516 | ||
| 003 | ES-MaACL | ||
| 005 | 20230906212538.0 | ||
| 008 | 041117q1900 fr a |||| | fre d | ||
| 100 | 1 |
_aPradels, Octave. _9131338 |
|
| 245 | 1 | 0 |
_aMoines, nonnes et curés / _cOctave Pradels ; illustrations de Léon Lebègue. |
| 260 |
_aParis : _bLouis Michaud, _c[ca. 1900] ( _eSceaux : _fImp. Charaire) |
||
| 300 |
_a281, [4] p. : _bil. ; _c18 cm. |
||
| 490 | 1 | _aLe rire gaulois | |
| 596 | _aProbablemente imp. ca. 1895-1905. | ||
| 650 | 0 | 4 |
_aClero- _xEn la literatura. _9168719 |
| 650 | 4 |
_aLiteratura erótica francesa. _9151836 |
|
| 700 | 1 |
_aLebègue, Léon. _971009 |
|
| 830 | 0 |
_aLe rire gaulois _9222199 |
|
| 852 |
_aES-MaACL _jC-973 _z- Enc. hol., conservando cub. cromolit. original _z. - Legado de Modesto de la Fuente |
||
| 999 |
_c162516 _d162516 |
||